The principles of cloud-chamber technique

Salvato in:
Dettagli Bibliografici
Autore principale: Wilson, J. G (Autore)
Natura: Libro
Lingua:inglese
Pubblicazione: Nueva York Cambridge University 1951
Serie:Cambridge Monographs on Physics
Soggetti:
Tags: Aggiungi Tag
Nessun Tag, puoi essere il primo ad aggiungerne!!

MARC

LEADER 00000nam a2200000 a 4500
001 UCN7325
003 CL-VaPUC
008 011018e19510000US |||||||||||||||||eng|d
082 0 4 |a 551.575  |b WIL  |2 21 
100 0 |a Wilson, J. G  |e author  |9 463232 
245 1 4 |a The principles of cloud-chamber technique 
300 |a 131 p 
942 |c BK 
945 |d 20011018 00:00:00  |a cmena 
260 |a Nueva York  |b Cambridge University  |c 1951 
650 7 |a CAMARAS DE NIEBLA  |2 CL-VaPUC  |9 463233 
650 7 |a FISICA - NIEBLA  |2 CL-VaPUC  |9 463234 
650 0 |a Investigación científica  |9 259857 
583 |a last modification  |c 20011018 00:00:00  |k Rodrigo Vera 
490 0 |a Cambridge Monographs on Physics 
999 |c 297704  |d 297702 
952 |0 0  |1 0  |4 0  |6 551_575000000000000_WIL_1951  |7 0  |8 A  |9 352645  |a BIBCUR  |b BIBCUR  |d 2019-11-21  |i 3512797  |o 551.575 WIL 1951  |p 3512797  |r 2025-04-22  |w 2019-11-21  |y BK  |k FIS